MARC

LEADER 00000nam0a2200000 4500
001 261551
005 20231101233556.0
035 |a (RuTPU)RU\TPU\book\284532 
090 |a 261551 
100 |a 20140524d1934 k y0rusy50 ca 
101 0 |a rus 
102 |a RU 
105 |a y z 000zy 
200 1 |a Цветные стекла, их изготовление и свойства  |f В. В. Варгин 
210 |a Ленинград  |c Госхимтехиздат  |d 1934 
215 |a 106 с. 
606 1 |a Стекло цветное  |x Производство  |2 stltpush  |3 (RuTPU)RU\TPU\subj\34709  |9 56597 
610 1 |a изготовление 
610 1 |a свойства 
610 1 |a отражение 
610 1 |a преломление 
610 1 |a разложение 
610 1 |a красители 
610 1 |a окраска 
675 |a 666  |v 3 
700 1 |a Варгин  |b В. В. 
801 1 |a RU  |b 63413507  |c 20140524 
801 2 |a RU  |b 63413507  |c 20140630  |g RCR 
942 |c BK